000 00536nam a2200181Ia 4500
008 090122s9999 xx 000 0 und d
082 _b13593
_a891.468
100 _aजोगळकर
_bयोगिनी
245 _aप्राची
260 _bअक्षता
_c2 री 2007
300 _a148
501 _a468/20/09/2008 प्रतिभा बुक डेपो
600 _aजोगळकर
630 _aप्राची
700 _aजोगळकर
730 _aप्राची
942 _cBOOK
999 _c37670
_d37670